Statistics for Shanghai City Quiz

Click here to take the quiz!

General Stats

  • This quiz has been taken 10 times
  • The average score is 10 of 20

Answer Stats

HintAnswer% Correct
Riverbank area with many colonial buildingsBund
78%
Secondary airportHongqiao
78%
Main airportPudong
78%
Country that invaded Shanghai on 1932, 1937 and 1941Japan
67%
Countries that received the above in ShanghaiUnited Kingdom/United States/France
67%
Most popular religion in Shanghai (other than atheism)Buddhism
56%
Island districtChongming
56%
Provinces that border ShanghaiJiangsu
56%
Zhejiang
56%
Organization founded in Shanghai in 1921Communist Party of China
44%
River that goes through the cityHuangpu River
44%
Major templeJing'an Temple
44%
Chinese Translation of "Shanghai"Up sea
44%
Greater Metropolitan Area Shanghai is part ofYangtze River Delta
44%
Famous Chinese author who lived in Shanghai 1927-1936Lu Xun
33%
Event held in Shanghai in 2010World Exposition
33%
Largest steelmaker based in ShanghaiBaogang
22%
Transport that connects the airport with the cityMaglev
22%
2nd tallest building in the world, tallest in ShanghaiShanghai Center
22%
Name for a "rented" area to foreign countriesConcession
11%

Score Distribution

Percentile by Number Answered

Percent of People with Each Score

Your Score History

You have not taken this quiz